[Event "Szuperliga - GM Szabo Laszlo csoport"]
[Site "Szombathely"]
[Date "2024.12.15"]
[Round "4.6"]
[White "Kovacs, Gabor"]
[Black "Torma, Robert"]
[Result "0-1"]
[WhiteElo "2392"]
[BlackElo "2419"]
[PlyCount "28"]
[GameId "2123411135591595"]
[EventDate "2024.11.02"]
[EventType "team-tourn"]
[EventRounds "9"]
[EventCountry "HUN"]
[Source "chess.hu"]
[WhiteTeam "Haladas VSE"]
[BlackTeam "Viadukt Biatorbagy"]
[WhiteTeamCountry "HUN"]
[BlackTeamCountry "HUN"]

1. d4 d5 2. c4 dxc4 3. Nf3 a6 4. a4 Nc6 5. e3 e5 6. Bxc4 e4 7. Nfd2 Qg5 8. g3 Nf6 9. Nc3 Bb4 10. Qc2 Bf5 11. Nb3 O-O 12. Bd2 Bd6 13. Ne2 Bg4 14. Bc3 b5 0-1

[Event "Szuperliga - GM Szabo Laszlo csoport"]
[Site "Szombathely"]
[Date "2024.12.15"]
[Round "4.7"]
[White "Fogarasi, Tibor"]
[Black "Borhy, Marcell"]
[Result "1/2-1/2"]
[WhiteElo "2306"]
[BlackElo "2349"]
[PlyCount "41"]
[GameId "2123411255801023"]
[EventDate "2024.11.02"]
[EventType "team-tourn"]
[EventRounds "9"]
[EventCountry "HUN"]
[Source "chess.hu"]
[WhiteTeam "Viadukt Biatorbagy"]
[BlackTeam "Haladas VSE"]
[WhiteTeamCountry "HUN"]
[BlackTeamCountry "HUN"]

1. c4 c5 2. Nc3 Nc6 3. g3 g6 4. Bg2 Bg7 5. e3 e6 6. Nge2 Nge7 7. O-O O-O 8. d4 cxd4 9. Nxd4 d5 10. cxd5 Nxd5 11. Nxd5 Nxd4 12. exd4 exd5 13. Be3 Be6 14. Qd2 Qd7 15. Rfc1 Rfc8 16. Bf3 Bg4 17. Bg2 Be6 18. Bf3 Bg4 19. Bg2 Be6 20. Bf3 Bg4 21. Bg2 1/2-1/2

[Event "Szuperliga - GM Szabo Laszlo csoport"]
[Site "Szombathely"]
[Date "2024.12.15"]
[Round "4.8"]
[White "Gombocz, Ferenc Jr."]
[Black "Szeberenyi, Adam"]
[Result "1/2-1/2"]
[WhiteElo "2323"]
[BlackElo "2284"]
[PlyCount "143"]
[GameId "2123411289220303"]
[EventDate "2024.11.02"]
[EventType "team-tourn"]
[EventRounds "9"]
[EventCountry "HUN"]
[Source "chess.hu"]
[WhiteTeam "Haladas VSE"]
[BlackTeam "Viadukt Biatorbagy"]
[WhiteTeamCountry "HUN"]
[BlackTeamCountry "HUN"]

1. d4 Nf6 2. Nf3 g6 3. c4 Bg7 4. Nc3 d5 5. cxd5 Nxd5 6. e4 Nxc3 7. bxc3 c5 8. Be3 O-O 9. Be2 b5 10. Bxb5 Qa5 11. Qb3 cxd4 12. Bxd4 Nd7 13. Qa4 Qxa4 14. Bxa4 Nb6 15. Bc6 Rb8 16. a4 Ba6 17. Bb5 Bxb5 18. axb5 Nc4 19. Bxg7 Kxg7 20. Rxa7 Nd6 21. Nd4 Nxb5 22. Nxb5 Rxb5 23. O-O Rc8 24. Rxe7 Rxc3 25. g3 Rc2 26. Kg2 Rbb2 27. h4 h5 28. Ra7 Kf6 29. Ra3 Re2 30. Rf3+ Kg7 31. Rd1 Rb7 32. Rf4 Re7 33. Kf3 Ra2 34. Rd3 Rb2 35. g4 hxg4+ 36. Rxg4 Rb5 37. Rd5 Rbb7 38. Kg2 Kh6 39. h5 gxh5 40. Rh4 Kg6 41. f3 Rb2+ 42. Kg3 Rb3 43. Kf4 Re6 44. Rg5+ Kf6 45. Rhxh5 Ke7 46. e5 Rb4+ 47. Kg3 Rbb6 48. f4 Rg6 49. Kg4 Rxg5+ 50. Kxg5 f6+ 51. exf6+ Rxf6 52. f5 Ra6 53. Rh7+ Kf8 54. Rc7 Rb6 55. Rc8+ Kg7 56. Ra8 Rc6 57. Re8 Ra6 58. Re6 Ra1 59. Re7+ Kf8 60. Kf6 Rh1 61. Rf7+ Kg8 62. Ra7 Rh6+ 63. Ke5 Kf8 64. Rd7 Ra6 65. Rd6 Rxd6 66. Kxd6 Kf7 67. Ke5 Ke7 68. f6+ Kf7 69. Kf5 Kf8 70. Ke6 Ke8 71. f7+ Kf8 72. Kf6 1/2-1/2

[Event "Szuperliga - GM Szabo Laszlo csoport"]
[Site "Szombathely"]
[Date "2024.12.15"]
[Round "4.9"]
[White "Szakmary, Domonkos"]
[Black "Lakos, Nikoletta"]
[Result "0-1"]
[WhiteElo "2228"]
[BlackElo "2178"]
[PlyCount "88"]
[GameId "2123411353220319"]
[EventDate "2024.11.02"]
[EventType "team-tourn"]
[EventRounds "9"]
[EventCountry "HUN"]
[Source "chess.hu"]
[WhiteTeam "Viadukt Biatorbagy"]
[BlackTeam "Haladas VSE"]
[WhiteTeamCountry "HUN"]
[BlackTeamCountry "HUN"]

1. e4 c5 2. Nf3 Nc6 3. Bb5 e6 4. O-O Nge7 5. d4 cxd4 6. Nxd4 Qb6 7. Nxc6 bxc6 8. Be2 Ng6 9. c4 Be7 10. Nc3 e5 11. g3 d6 12. Rb1 O-O 13. Be3 Qc7 14. h4 f5 15. exf5 Bxf5 16. Bd3 Qd7 17. Bxf5 Qxf5 18. h5 Nf4 19. Bxf4 exf4 20. g4 Qc5 21. Qe2 Bh4 22. Ne4 f3 23. Qd3 Qe5 24. Rbe1 Qf4 25. Qxd6 Qxg4+ 26. Ng3 Bxg3 27. Qxg3 Qxh5 28. Re5 Rf5 29. Rxf5 Qxf5 30. Re1 Rf8 31. Re7 Qb1+ 32. Kh2 Qxb2 33. Rxa7 h5 34. Rc7 h4 35. Qxh4 Qe5+ 36. Qg3 Rf4 37. Rc8+ Kh7 38. Kg1 Qe1+ 39. Kh2 Qe5 40. Kg1 Qe1+ 41. Kh2 Rf6 42. Qg5 Qxf2+ 43. Kh3 Rh6+ 44. Kg4 Qg2+ 0-1

[Event "Szuperliga - GM Szabo Laszlo csoport"]
[Site "Szombathely"]
[Date "2024.12.15"]
[Round "4.10"]
[White "Apro, Barnabas"]
[Black "Erdos, Boglarka"]
[Result "1-0"]
[WhiteElo "2058"]
[BlackElo "2108"]
[PlyCount "89"]
[GameId "2123411391153391"]
[EventDate "2024.11.02"]
[EventType "team-tourn"]
[EventRounds "9"]
[EventCountry "HUN"]
[Source "chess.hu"]
[WhiteTeam "Haladas VSE"]
[BlackTeam "Viadukt Biatorbagy"]
[WhiteTeamCountry "HUN"]
[BlackTeamCountry "HUN"]

1. e4 e5 2. Nf3 Nc6 3. Bc4 Bc5 4. c3 Nf6 5. d3 d6 6. Nbd2 a6 7. Bb3 Ba7 8. h3 h6 9. Nf1 Ne7 10. Ng3 Ng6 11. O-O O-O 12. d4 exd4 13. cxd4 d5 14. e5 Ne4 15. Bc2 c5 16. Be3 cxd4 17. Bxd4 Bxd4 18. Qxd4 Ng5 19. Nxg5 hxg5 20. Bxg6 fxg6 21. Rad1 Be6 22. Ne2 Rc8 23. Qd3 Qe8 24. Nd4 Rc5 25. Rc1 Rxc1 26. Rxc1 Qf7 27. Nxe6 Qxe6 28. Rd1 Qxe5 29. Qxd5+ Qxd5 30. Rxd5 Rf5 31. Rd8+ Rf8 32. Rxf8+ Kxf8 33. Kh2 Kf7 34. Kg3 Kf6 35. Kg4 b6 36. b4 a5 37. bxa5 bxa5 38. a4 Ke5 39. Kxg5 Kd4 40. Kxg6 Kc4 41. Kxg7 Kb4 42. f4 Kxa4 43. f5 Kb3 44. f6 a4 45. f7 1-0

[Event "Szuperliga - GM Szabo Laszlo csoport"]
[Site "Budapest"]
[Date "2024.12.15"]
[Round "4.1"]
[White "Nagy, Gabor"]
[Black "Erdos, Viktor"]
[Result "1/2-1/2"]
[WhiteElo "2462"]
[BlackElo "2534"]
[PlyCount "51"]
[GameId "2123415560725834"]
[EventDate "2024.11.02"]
[EventType "team-tourn"]
[EventRounds "9"]
[EventCountry "HUN"]
[Source "chess.hu"]
[WhiteTeam "Aquarena Kobanya SC"]
[BlackTeam "MTK Budapest"]
[WhiteTeamCountry "HUN"]
[BlackTeamCountry "HUN"]

1. d4 Nf6 2. c4 e6 3. Nf3 d5 4. Nc3 dxc4 5. e3 a6 6. a4 c5 7. Bxc4 Nc6 8. O-O Be7 9. Qe2 cxd4 10. Rd1 e5 11. exd4 exd4 12. Nxd4 Nxd4 13. Qe5 Qd6 14. Qxd4 Qxd4 15. Rxd4 Bc5 16. Rd1 Be6 17. Bxe6 fxe6 18. Bg5 Rd8 19. Rxd8+ Kxd8 20. Ne4 Be7 21. Rd1+ Kc8 22. Rc1+ Kd7 23. Rd1+ Kc8 24. Rc1+ Kd7 25. Rd1+ Kc8 26. Rc1+ 1/2-1/2

[Event "Szuperliga - GM Szabo Laszlo csoport"]
[Site "Budapest"]
[Date "2024.12.15"]
[Round "4.2"]
[White "Sahidi, Samir"]
[Black "Nenezic, Marko"]
[Result "1-0"]
[WhiteElo "2491"]
[BlackElo "2501"]
[PlyCount "127"]
[GameId "2123415613564250"]
[EventDate "2024.11.02"]
[EventType "team-tourn"]
[EventRounds "9"]
[EventCountry "HUN"]
[Source "chess.hu"]
[WhiteTeam "MTK Budapest"]
[BlackTeam "Aquarena Kobanya SC"]
[WhiteTeamCountry "HUN"]
[BlackTeamCountry "HUN"]

1. e4 c5 2. Nf3 Nc6 3. Bb5 g6 4. O-O Bg7 5. Bxc6 dxc6 6. d3 b6 7. a4 a5 8. Na3 Ba6 9. Qe2 e5 10. b3 f6 11. h4 Nh6 12. Nh2 O-O 13. Nc4 Bc8 14. Bb2 b5 15. Nd2 Qd6 16. h5 Nf7 17. Bc3 Qc7 18. Qf3 Ng5 19. Qg3 Ne6 20. Rfe1 Bh6 21. Ndf1 Bf4 22. Qf3 Nd4 23. Qd1 Be6 24. Bd2 gxh5 25. Bxf4 exf4 26. Nd2 Qg7 27. Kh1 Bg4 28. f3 Bd7 29. c3 Ne6 30. b4 axb4 31. cxb4 Kh8 32. bxc5 Nxc5 33. d4 Nxa4 34. Nb3 Rg8 35. Qd2 h4 36. Rg1 Qg5 37. Nc5 Nb6 38. Rac1 Rg7 39. Nd3 Ra3 40. Rc5 Nc4 41. Qc1 Rxd3 42. Rxg5 fxg5 43. Qa1 Ra3 44. Qe1 h5 45. Qb4 Kh7 46. Qc5 Ra2 47. d5 cxd5 48. Qxd5 Rd2 49. Qc5 Re2 50. Qd4 h3 51. g3 fxg3 52. Rxg3 g4 53. Qc5 Kh6 54. fxg4 hxg4 55. Qf8 Re1+ 56. Rg1 Rxe4 57. Nf3 Kh7 58. Qf6 Re2 59. Rg3 Kg8 60. Nd4 Nd2 61. Nxe2 Ne4 62. Qd8+ Kh7 63. Re3 g3 64. Qh4+ 1-0

[Event "Szuperliga - GM Szabo Laszlo csoport"]
[Site "Budapest"]
[Date "2024.12.15"]
[Round "4.3"]
[White "Berczes, David"]
[Black "Juhasz, Agoston"]
[Result "1-0"]
[WhiteElo "2407"]
[BlackElo "2426"]
[PlyCount "69"]
[GameId "2123415648388458"]
[EventDate "2024.11.02"]
[EventType "team-tourn"]
[EventRounds "9"]
[EventCountry "HUN"]
[Source "chess.hu"]
[WhiteTeam "Aquarena Kobanya SC"]
[BlackTeam "MTK Budapest"]
[WhiteTeamCountry "HUN"]
[BlackTeamCountry "HUN"]

1. Nf3 Nf6 2. d4 g6 3. g3 Bg7 4. Bg2 O-O 5. O-O d5 6. a4 a5 7. c4 Nc6 8. Na3 dxc4 9. Nxc4 Be6 10. b3 Bd5 11. Bb2 Nb4 12. e3 Ne8 13. Qe2 Be4 14. Nfe5 Bxg2 15. Kxg2 Nd6 16. Rfd1 Nxc4 17. Nxc4 c6 18. Bc3 Nd5 19. Bd2 c5 20. e4 Nc7 21. Bxa5 cxd4 22. Rac1 Qb8 23. b4 Ra6 24. Nb6 Rd8 25. Rc4 Ne6 26. f4 Re8 27. Rdc1 Bf8 28. e5 Qa7 29. Rc8 Rxc8 30. Nxc8 Qb8 31. Nb6 Qa7 32. Qb5 d3 33. Rd1 Nc7 34. Qc5 Na8 35. Nd7 1-0

[Event "Szuperliga - GM Szabo Laszlo csoport"]
[Site "Budapest"]
[Date "2024.12.15"]
[Round "4.4"]
[White "Neverov, Valeriy"]
[Black "Roganovic, Milos"]
[Result "1/2-1/2"]
[WhiteElo "2424"]
[BlackElo "2438"]
[PlyCount "92"]
[GameId "2123415721264534"]
[EventDate "2024.11.02"]
[EventType "team-tourn"]
[EventRounds "9"]
[EventCountry "HUN"]
[Source "chess.hu"]
[WhiteTeam "MTK Budapest"]
[BlackTeam "Aquarena Kobanya SC"]
[WhiteTeamCountry "HUN"]
[BlackTeamCountry "HUN"]

1. c4 e5 2. Nc3 Nf6 3. Nf3 Nc6 4. d3 Bb4 5. Bd2 Qe7 6. e3 O-O 7. Be2 Bxc3 8. Bxc3 d5 9. cxd5 Nxd5 10. O-O Nxc3 11. bxc3 e4 12. Nd4 exd3 13. Nxc6 Qd6 14. Qxd3 Qxc6 15. Bf3 Qf6 16. Qd4 Rd8 17. Qxf6 gxf6 18. Rfd1 Be6 19. Rd4 c5 20. Ra4 Rd2 21. h4 Bd5 22. Bxd5 Rxd5 23. Rb1 Rd7 24. Rb5 Rd1+ 25. Kh2 b6 26. Rxb6 axb6 27. Rxa8+ Kg7 28. Kg3 Rc1 29. Rb8 Rxc3 30. Rxb6 Ra3 31. Rb2 Ra4 32. Rc2 Kg6 33. Kf3 f5 34. g3 h5 35. Ke2 Kf6 36. Kd3 Ke5 37. Rd2 Kd5 38. Kc3+ Ke4 39. Kb3 Rb4+ 40. Kc2 Ra4 41. Kb1 Rb4+ 42. Kc1 Ra4 43. Rc2 Kd5 44. Kb2 Rb4+ 45. Kc3 Rc4+ 46. Kb3 Rb4+ 1/2-1/2

[Event "Szuperliga - GM Szabo Laszlo csoport"]
[Site "Budapest"]
[Date "2024.12.15"]
[Round "4.5"]
[White "Karacsonyi, Gellert"]
[Black "Pribelszky, Bence"]
[Result "0-1"]
[WhiteElo "2382"]
[BlackElo "2392"]
[PlyCount "132"]
[GameId "2123415831909837"]
[EventDate "2024.11.02"]
[EventType "team-tourn"]
[EventRounds "9"]
[EventCountry "HUN"]
[Source "chess.hu"]
[WhiteTeam "Aquarena Kobanya SC"]
[BlackTeam "MTK Budapest"]
[WhiteTeamCountry "HUN"]
[BlackTeamCountry "HUN"]

1. e4 e6 2. d4 d5 3. e5 c5 4. c3 Nc6 5. Nf3 Bd7 6. Be2 Nge7 7. O-O Nf5 8. Bd3 cxd4 9. Bxf5 exf5 10. cxd4 Be7 11. Nc3 Be6 12. a3 g5 13. b4 f4 14. Na4 b6 15. Ne1 Rc8 16. Bb2 Qd7 17. Rc1 O-O 18. Nc3 Kh8 19. Ne2 Rg8 20. Qd2 Rg7 21. Kh1 h5 22. Rc3 h4 23. Nd3 h3 24. g3 fxg3 25. hxg3 h2 26. f3 g4 27. f4 Bf5 28. Nf2 Rh7 29. Nc1 Nd8 30. Rxc8 Qxc8 31. Qc3 Qe6 32. Nb3 Qg6 33. Nd2 Ne6 34. Kg2 Nxf4+ 35. gxf4 Rh3 36. Qc7 Bh4 37. e6 Bxf2 38. e7 Re3 39. Qd8+ Kh7 40. Kxf2 Qe6 41. e8=Q g3+ 42. Kg2 Bh3+ 43. Kh1 g2+ 44. Kxh2 gxf1=N+ 45. Nxf1 Re2+ 46. Kh1 Bg2+ 47. Kg1 Qxe8 48. Qh4+ Kg8 49. Qg5+ Kf8 50. Qh6+ Ke7 51. Bc3 Qg8 52. Qh4+ Ke8 53. Ng3 Rc2 54. Be1 Be4 55. Kf1 Bd3+ 56. Kg1 Be4 57. Qf6 Qh7 58. Qe5+ Kd7 59. Nh5 Qg6+ 60. Bg3 Rc1+ 61. Kf2 Qc6 62. Nf6+ Kc8 63. Nxe4 Qc2+ 64. Kf3 Qxe4+ 65. Qxe4 dxe4+ 66. Kxe4 Rc3 0-1

[Event "Szuperliga - GM Szabo Laszlo csoport"]
[Site "Budapest"]
[Date "2024.12.15"]
[Round "4.6"]
[White "Papp, Levente"]
[Black "Horvath, Adam"]
[Result "1/2-1/2"]
[WhiteElo "2380"]
[BlackElo "2387"]
[PlyCount "79"]
[GameId "2123415882647005"]
[EventDate "2024.11.02"]
[EventType "team-tourn"]
[EventRounds "9"]
[EventCountry "HUN"]
[Source "chess.hu"]
[WhiteTeam "MTK Budapest"]
[BlackTeam "Aquarena Kobanya SC"]
[WhiteTeamCountry "HUN"]
[BlackTeamCountry "HUN"]

1. c4 e5 2. g3 Nc6 3. Bg2 f5 4. Nc3 Nf6 5. Nf3 d6 6. O-O g6 7. Rb1 a5 8. a3 Bg7 9. b4 axb4 10. axb4 O-O 11. b5 Ne7 12. d3 h6 13. Bb2 Be6 14. Ra1 g5 15. Nd2 Rxa1 16. Qxa1 b6 17. Qa7 g4 18. Rc1 h5 19. Nd5 Nexd5 20. cxd5 Nxd5 21. e4 fxe4 22. dxe4 Nb4 23. Qa3 Na2 24. Rc2 Qa8 25. Rxc7 Qxa3 26. Bxa3 Ra8 27. Bxd6 Bh6 28. Nc4 Nc3 29. Na3 Ne2+ 30. Kh1 Bf8 31. Bxf8 Kxf8 32. Nc2 Bb3 33. Ne3 Ra1+ 34. Bf1 Nd4 35. Kg2 Nf3 36. h3 Ne1+ 37. Kh2 Nf3+ 38. Kg2 Ne1+ 39. Kh2 Nf3+ 40. Kg2 1/2-1/2

[Event "Szuperliga - GM Szabo Laszlo csoport"]
[Site "Budapest"]
[Date "2024.12.15"]
[Round "4.7"]
[White "Szabo, Bence"]
[Black "Juhasz, Armin"]
[Result "1-0"]
[WhiteElo "2338"]
[BlackElo "2377"]
[PlyCount "81"]
[GameId "2123415919486447"]
[EventDate "2024.11.02"]
[EventType "team-tourn"]
[EventRounds "9"]
[EventCountry "HUN"]
[Source "chess.hu"]
[WhiteTeam "Aquarena Kobanya SC"]
[BlackTeam "MTK Budapest"]
[WhiteTeamCountry "HUN"]
[BlackTeamCountry "HUN"]

1. Nf3 Nf6 2. g3 g6 3. Bg2 Bg7 4. O-O O-O 5. c4 c6 6. d4 d5 7. Ne5 Nfd7 8. Nxd7 Nxd7 9. cxd5 cxd5 10. Bxd5 Nb6 11. Bg2 Qxd4 12. Nc3 Qe5 13. a4 a5 14. Bf4 Qh5 15. Qb3 Ra6 16. Rac1 e5 17. Be3 Be6 18. Qb5 Bd7 19. Qb3 Be6 20. Qb5 Bd7 21. Qd3 Bf5 22. Qd1 Rb8 23. Nb5 Bh6 24. Nc7 Bxe3 25. Nxa6 bxa6 26. fxe3 Qg5 27. Rc3 Nd7 28. b3 Rd8 29. Qc1 e4 30. Rc8 Nf8 31. Rxd8 Qxd8 32. Rd1 Qb6 33. Qc3 Ne6 34. Rd5 h5 35. Rxa5 Qd6 36. Kf2 Bg4 37. Qc4 Bf3 38. Rd5 Qa3 39. exf3 Qb2+ 40. Qe2 Qxb3 41. Qd1 1-0

[Event "Szuperliga - GM Szabo Laszlo csoport"]
[Site "Budapest"]
[Date "2024.12.15"]
[Round "4.8"]
[White "Ongut, Tamas Gunes"]
[Black "Krizsany, Laszlo"]
[Result "1/2-1/2"]
[WhiteElo "2256"]
[BlackElo "2316"]
[PlyCount "66"]
[GameId "2123415975409151"]
[EventDate "2024.11.02"]
[EventType "team-tourn"]
[EventRounds "9"]
[EventCountry "HUN"]
[Source "chess.hu"]
[WhiteTeam "MTK Budapest"]
[BlackTeam "Aquarena Kobanya SC"]
[WhiteTeamCountry "HUN"]
[BlackTeamCountry "HUN"]

1. e4 c6 2. d4 d5 3. e5 Bf5 4. h4 h5 5. Bd3 Bxd3 6. Qxd3 e6 7. Bg5 Qa5+ 8. Nd2 Qa6 9. c4 Bb4 10. b3 Ne7 11. Ngf3 Nf5 12. O-O Nd7 13. a3 Bxd2 14. Bxd2 O-O 15. Qc3 Rfc8 16. Rfc1 dxc4 17. bxc4 b5 18. a4 bxc4 19. Qxc4 Qxc4 20. Rxc4 Nb6 21. Rc5 Rab8 22. a5 Nd7 23. Rc4 Rb5 24. Rac1 Nb8 25. Rb4 a6 26. g3 Rd8 27. Kg2 Rdd5 28. Rbc4 Kf8 29. R1c2 Ke8 30. Be1 Ke7 31. Bb4+ Ke8 32. Be1 Ke7 33. Bb4+ Ke8 1/2-1/2

[Event "Szuperliga - GM Szabo Laszlo csoport"]
[Site "Budapest"]
[Date "2024.12.15"]
[Round "4.9"]
[White "Havanecz, Bianka"]
[Black "Terbe, Zsuzsanna"]
[Result "1/2-1/2"]
[WhiteElo "2190"]
[BlackElo "2149"]
[PlyCount "43"]
[GameId "2123416010790415"]
[EventDate "2024.11.02"]
[EventType "team-tourn"]
[EventRounds "9"]
[EventCountry "HUN"]
[Source "chess.hu"]
[WhiteTeam "Aquarena Kobanya SC"]
[BlackTeam "MTK Budapest"]
[WhiteTeamCountry "HUN"]
[BlackTeamCountry "HUN"]

1. d4 d5 2. c4 c6 3. cxd5 cxd5 4. Bf4 Nf6 5. e3 Nc6 6. Nc3 Bf5 7. Qb3 Na5 8. Qa4+ Bd7 9. Qc2 e6 10. Nf3 Be7 11. Bd3 Nc6 12. a3 Nh5 13. Be5 f6 14. Bg3 f5 15. Be5 Nf6 16. O-O O-O 17. Rac1 Rc8 18. Bg3 Nh5 19. Be5 Nf6 20. Bg3 Nh5 21. Be5 Nf6 22. Bg3 1/2-1/2

[Event "Szuperliga - GM Szabo Laszlo csoport"]
[Site "Budapest"]
[Date "2024.12.15"]
[Round "4.10"]
[White "Gergely, Daniel"]
[Black "Foldes, Marton Gabor"]
[Result "0-1"]
[WhiteElo "2154"]
[BlackElo "2261"]
[PlyCount "90"]
[GameId "2123416069613097"]
[EventDate "2024.11.02"]
[EventType "team-tourn"]
[EventRounds "9"]
[EventCountry "HUN"]
[Source "chess.hu"]
[WhiteTeam "MTK Budapest"]
[BlackTeam "Aquarena Kobanya SC"]
[WhiteTeamCountry "HUN"]
[BlackTeamCountry "HUN"]

1. d4 Nf6 2. c4 e6 3. Nc3 Bb4 4. Qb3 c5 5. dxc5 Nc6 6. Nf3 Ne4 7. Bd2 Nxd2 8. Nxd2 Bxc5 9. g3 O-O 10. Bg2 b6 11. O-O Bb7 12. Rac1 Qb8 13. a3 Rd8 14. e3 Ne5 15. Qc2 Bxg2 16. Kxg2 Qb7+ 17. Qe4 Qxe4+ 18. Ncxe4 Be7 19. Nf3 Nxf3 20. Kxf3 f5 21. Nc3 Rac8 22. Nb5 a6 23. Nd4 Rc7 24. Rc2 Rdc8 25. Rfc1 g6 26. b4 e5 27. Nb3 Kf7 28. Ke2 d5 29. Nd2 a5 30. Kd1 axb4 31. axb4 Bxb4 32. cxd5 Rxc2 33. Rxc2 Rxc2 34. Kxc2 Bxd2 35. Kxd2 Ke7 36. f3 g5 37. Kd3 Kd6 38. e4 g4 39. fxg4 fxe4+ 40. Kxe4 b5 41. h4 b4 42. Kd3 Kxd5 43. g5 e4+ 44. Kd2 b3 45. h5 e3+ 0-1

[Event "Szuperliga - GM Szabo Laszlo csoport"]
[Site "Paks"]
[Date "2024.12.15"]
[Round "4.1"]
[White "Horvath, Jozsef"]
[Black "Kozak, Adam"]
[Result "0-1"]
[WhiteElo "2388"]
[BlackElo "2595"]
[PlyCount "70"]
[GameId "2123403749364791"]
[EventDate "2024.11.02"]
[EventType "team-tourn"]
[EventRounds "9"]
[EventCountry "HUN"]
[Source "chess.hu"]
[WhiteTeam "Kekesi SE"]
[BlackTeam "ASE Paks"]
[WhiteTeamCountry "HUN"]
[BlackTeamCountry "HUN"]

1. d4 Nf6 2. c4 e6 3. Nf3 d5 4. Bg5 h6 5. Bxf6 Qxf6 6. Qb3 c6 7. Nbd2 Qe7 8. g3 Nd7 9. Bg2 g5 10. O-O f5 11. Qc2 Qf6 12. e3 Bd6 13. a3 a5 14. Ne1 h5 15. f4 h4 16. cxd5 cxd5 17. Ndf3 hxg3 18. hxg3 gxf4 19. gxf4 Qg7 20. Ng5 Nf6 21. Nef3 Bd7 22. Ne5 Bxe5 23. dxe5 Ng4 24. Qd2 Qh6 25. Bh3 Nxe5 26. Rac1 Nf7 27. Rf3 Nxg5 28. fxg5 Qxg5+ 29. Kh2 Qg7 30. Rg3 Qe5 31. Qd4 Qxd4 32. exd4 Rc8 33. Rxc8+ Bxc8 34. Rg7 Rh4 35. Rg8+ Kd7 0-1

[Event "Szuperliga - GM Szabo Laszlo csoport"]
[Site "Paks"]
[Date "2024.12.15"]
[Round "4.2"]
[White "Papp, Gabor"]
[Black "Brunello, Sabino"]
[Result "1/2-1/2"]
[WhiteElo "2507"]
[BlackElo "2495"]
[PlyCount "83"]
[GameId "2123403810833479"]
[EventDate "2024.11.02"]
[EventType "team-tourn"]
[EventRounds "9"]
[EventCountry "HUN"]
[Source "chess.hu"]
[WhiteTeam "ASE Paks"]
[BlackTeam "Kekesi SE"]
[WhiteTeamCountry "HUN"]
[BlackTeamCountry "HUN"]

1. e4 e5 2. Nf3 Nc6 3. Bc4 Bc5 4. d3 Nf6 5. Nc3 d6 6. Bg5 h6 7. Bxf6 Qxf6 8. Nd5 Qd8 9. c3 a5 10. d4 Ba7 11. dxe5 O-O 12. exd6 Qxd6 13. Qc2 Bg4 14. O-O-O Rad8 15. Kb1 Bxf3 16. gxf3 Ne5 17. Bb3 Ng6 18. h4 c6 19. h5 Nf4 20. Ne3 Qf6 21. Rdg1 Kh8 22. Nf5 b5 23. a4 bxa4 24. Bc4 a3 25. Rxg7 axb2 26. Rg6 fxg6 27. hxg6 Qxg6 28. Rxh6+ Qxh6 29. Nxh6 Rd7 30. Kxb2 Bb8 31. Ng4 Rfd8 32. Qa4 Rd2+ 33. Kb3 Bd6 34. Qxc6 Rb8+ 35. Bb5 Nd3 36. e5 Rxb5+ 37. Qxb5 Rb2+ 38. Kc4 Nxe5+ 39. Nxe5 Rxb5 40. Kxb5 Bxe5 41. Kxa5 Bxc3+ 42. Kb5 1/2-1/2

[Event "Szuperliga - GM Szabo Laszlo csoport"]
[Site "Paks"]
[Date "2024.12.15"]
[Round "4.3"]
[White "Haring, Filip"]
[Black "Berkes, Ferenc"]
[Result "0-1"]
[WhiteElo "2469"]
[BlackElo "2602"]
[PlyCount "40"]
[GameId "2123403915973743"]
[EventDate "2024.11.02"]
[EventType "team-tourn"]
[EventRounds "9"]
[EventCountry "HUN"]
[Source "chess.hu"]
[WhiteTeam "Kekesi SE"]
[BlackTeam "ASE Paks"]
[WhiteTeamCountry "HUN"]
[BlackTeamCountry "HUN"]

1. e4 e6 2. d4 d5 3. Nc3 Bb4 4. Nge2 Nc6 5. a3 Ba5 6. e5 f6 7. Nf4 Qe7 8. Bb5 fxe5 9. Qh5+ Qf7 10. Bxc6+ bxc6 11. Qxe5 Nf6 12. O-O O-O 13. Bd2 Bb6 14. h3 Ba6 15. Rfe1 Rae8 16. Be3 Nd7 17. Qg5 e5 18. Nfe2 exd4 19. Nxd4 c5 20. Nc6 Bb7 0-1

[Event "Szuperliga - GM Szabo Laszlo csoport"]
[Site "Paks"]
[Date "2024.12.15"]
[Round "4.4"]
[White "Acs, Peter"]
[Black "To, Nhat Minh"]
[Result "0-1"]
[WhiteElo "2582"]
[BlackElo "2298"]
[PlyCount "121"]
[GameId "2123403957318783"]
[EventDate "2024.11.02"]
[EventType "team-tourn"]
[EventRounds "9"]
[EventCountry "HUN"]
[Source "chess.hu"]
[WhiteTeam "ASE Paks"]
[BlackTeam "Kekesi SE"]
[WhiteTeamCountry "HUN"]
[BlackTeamCountry "HUN"]

1. e4 e5 2. Bc4 Nf6 3. d3 Nc6 4. Nc3 Na5 5. Qf3 c6 6. Nge2 d6 7. Bb3 Be7 8. h3 O-O 9. O-O Nxb3 10. axb3 d5 11. Ng3 d4 12. Nce2 g6 13. Bh6 Re8 14. Nh1 Nh5 15. g4 Bg5 16. Bxg5 Qxg5 17. Nhg3 Ng7 18. Kh2 c5 19. Rg1 a5 20. Nf1 b5 21. Qg3 h5 22. f4 exf4 23. Qxf4 Qe7 24. g5 Ra6 25. Nd2 Bb7 26. Rae1 Re6 27. Qf2 Nf5 28. Nf4 Qd6 29. Kh1 Re5 30. Nf1 Qe7 31. h4 c4 32. bxc4 bxc4 33. Kh2 Qd6 34. Ng3 Ne3 35. Rxe3 dxe3 36. Qxe3 Rb5 37. d4 Rxb2 38. Rg2 a4 39. Rf2 a3 40. e5 Qc6 41. Qxa3 c3 42. e6 Rxe6 43. Nxe6 Qxe6 44. Re2 Qd7 45. d5 Bxd5 46. Qxc3 Rb8 47. Qd4 Qc6 48. Rd2 Bf3 49. c4 Rc8 50. Rc2 Qe6 51. Qf4 Bc6 52. Re2 Qd7 53. Rd2 Qe7 54. Re2 Qd7 55. Rd2 Qb7 56. Qf6 Qc7 57. Qd6 Qa5 58. Rf2 Qa7 59. Qf6 Ba8 60. Rd2 Qc7 61. Rd4 0-1

[Event "Szuperliga - GM Szabo Laszlo csoport"]
[Site "Paks"]
[Date "2024.12.15"]
[Round "4.5"]
[White "Bakos, Balazs"]
[Black "Popovic, Dusan"]
[Result "0-1"]
[WhiteElo "2367"]
[BlackElo "2485"]
[PlyCount "98"]
[GameId "2123404000564367"]
[EventDate "2024.11.02"]
[EventType "team-tourn"]
[EventRounds "9"]
[EventCountry "HUN"]
[Source "chess.hu"]
[WhiteTeam "Kekesi SE"]
[BlackTeam "ASE Paks"]
[WhiteTeamCountry "HUN"]
[BlackTeamCountry "HUN"]

1. d4 Nf6 2. c4 g6 3. Nc3 Bg7 4. e4 d6 5. Nf3 Bg4 6. Be2 Bxf3 7. Bxf3 e5 8. dxe5 dxe5 9. O-O c6 10. Be3 Qxd1 11. Rfxd1 h5 12. b4 Bh6 13. Bxh6 Rxh6 14. c5 Nbd7 15. Be2 a5 16. a3 Ke7 17. Bc4 Rhh8 18. f3 h4 19. Kf2 Ra7 20. Ne2 Rb8 21. Rab1 axb4 22. axb4 Ra3 23. Rd3 Rxd3 24. Bxd3 Ra8 25. Bc4 Ra3 26. Nc1 Nh5 27. g3 f5 28. exf5 hxg3+ 29. hxg3 gxf5 30. Bb3 Nhf6 31. Ke2 e4 32. Rb2 Ne5 33. fxe4 Nxe4 34. Nd3 Nxg3+ 35. Ke3 Kf6 36. Kd4 Nxd3 37. Kxd3 Ke5 38. Kc4 f4 39. b5 f3 40. bxc6 bxc6 41. Bd1 Re3 42. Rh2 Ne4 43. Rh5+ Kf4 44. Bxf3 Nd2+ 45. Kb4 Nxf3 46. Rh6 Ne5 47. Rd6 Re4+ 48. Ka3 Ke3 49. Rd8 Rc4 0-1